000 00845nam a2200205Ia 4500
003 OSt
005 20250502123905.0
008 191128t1982 ck r 000 f spa d
040 _aCO-JMCR
_cCO-JMCR
041 _aspa
082 0 4 _aA-N
_bSANt
100 1 _aSanders, Lawrence,
_d1920-1998
_eautor
_98111
245 1 3 _aEl tercer pecado mortal /
_cLawrence Sanders ; Traducción de Raquel Albornoz
260 _aBogotá :
_bEmecé,
_c©1982
300 _a422 páginas ;
_c21 cm.
490 0 _aCirculo de lectores
520 _aAtardece en Nueva York. El trabajo ha terminado. Los turistas vuelven a los hoteles. Los bares y los restaurantes comienzan a poblarse. La gente común regresa a su casa, pero la ciudad sigue despierta con otra clase de personajes: los solitarios y los noc
650 1 4 _aNovela estadounidense
_98112
942 _2ddc
_cBK
999 _c3738
_d3738